Statistics for Famous Entrepreneurs

Click here to take the quiz!

General Stats

  • This quiz has been taken 256 times
  • The average score is 13 of 44

Answer Stats

Answer% Correct
Steve Jobs
91%
Elon Musk
88%
Bill Gates
86%
Mark Zuckerberg
75%
Oprah Winfrey
75%
Jeff Bezos
69%
Jack Ma
66%
Richard Branson
52%
Mark Cuban
48%
Henry Ford
45%
Warren Buffett
45%
John D. Rockefeller
40%
Michael Bloomberg
35%
Andrew Carnegie
34%
Larry Page
34%
Hugh Hefner
32%
Tim Cook
31%
Sergey Brin
26%
Larry Ellison
25%
Charles Koch
20%
John Pierpont Morgan
20%
Mukesh Ambani
20%
Sam Walton
20%
Satya Nadella
20%
Sundar Pichai
20%
Steve Ballmer
18%
Alice Walton
17%
Bernard Arnault
17%
Jim Walton
17%
Michael Dell
15%
Jamie Dimon
14%
Paul Allen
12%
Sheldon Adelson
12%
Carlos Slim Helú
11%
Ma Huateng
11%
Steve Forbes
9%
Li Ka Shing
8%
Conrad Hilton
6%
Stefan Quandt
6%
Ginni Rometty
5%
Gordon Moore
5%
John Paul DeJoria
5%
Charles R. Schwab
3%
Lee-Byung-chul
3%

Score Distribution

Percentile by Number Answered

Percent of People with Each Score

Your Score History

You have not taken this quiz